书目信息 |
| 题名: |
微格教学与微格教研
|
|
| 作者: | 荣静娴 , 钱舍 编著 | |
| 分册: | ||
| 出版信息: | 上海 华东师范大学出版社 2000 |
|
| 页数: | 145页 | |
| 开本: | 21cm | |
| 丛书名: | ||
| 单 册: | ||
| 中图分类: | G424.21 | |
| 科图分类: | ||
| 主题词: | 微格教学--教学研究 , 微格教学 , 教学研究 | |
| 电子资源: | ||
| ISBN: | 978-7-5617-2200-8 | |
| 000 | 00898nam0 2200277 450 | |
| 001 | 012007240569 | |
| 005 | 20070605151216.57 | |
| 010 | @a978-7-5617-2200-8@dCNY10.00 | |
| 100 | @a20070603d2000 km y0chiy0120 ea | |
| 101 | 0 | @achi |
| 102 | @aCN@b310000 | |
| 105 | @ay z 000yy | |
| 106 | @ar | |
| 200 | 1 | @a微格教学与微格教研@Awei ge jiao xue yu wei ge jiao yan@f荣静娴,钱舍编著@Frong jing xian,qian she bian zhu |
| 210 | @a上海@c华东师范大学出版社@d2000 | |
| 215 | @a145页@d21cm | |
| 300 | @a华东师范大学教材出版基金资助出版 | |
| 330 | @a本书详细讲述了微格教学的基本概念、实施、基本理论、模式比较,课堂教学技能,微格教学的评价以及微格教研。 | |
| 606 | 0 | @a微格教学@x教学研究 |
| 606 | 0 | @a微格教学 |
| 606 | 0 | @a教学研究 |
| 690 | @aG424.21@v4 | |
| 701 | 0 | @a荣静娴@Arong jing xian@4编著 |
| 701 | 0 | @a钱舍@Aqian she@4编著 |
| 801 | 0 | @aCN@bRULIN@c20070605 |
| 905 | @dG424.21@e162@s8 | |
| 微格教学与微格教研/荣静娴,钱舍编著.-上海:华东师范大学出版社,2000 |
| 145页;21cm |
| 华东师范大学教材出版基金资助出版 |
| ISBN 978-7-5617-2200-8:CNY10.00 |
| 本书详细讲述了微格教学的基本概念、实施、基本理论、模式比较,课堂教学技能,微格教学的评价以及微格教研。 |
| ● |
| 相关链接 |
|
|
|
|
正题名:微格教学与微格教研
索取号:G424.21/162
 
预约/预借
| 序号 | 登录号 | 条形码 | 馆藏地/架位号 | 状态 | 备注 |
| 1 | 0582974 | 205829745 | 第一样本阅览室/ [索取号:G424.21/162] | 在馆 | |
| 2 | 0582975 | 205829754 | 第四借阅区/ [索取号:G424.21/162] | 在馆 | |
| 3 | 0582976 | 205829763 | 第四借阅区/ [索取号:G424.21/162] | 在馆 | |
| 4 | 0582977 | 205829772 | 第四借阅区/ [索取号:G424.21/162] | 在馆 | |
| 5 | 0582978 | 205829781 | 第四借阅区/ [索取号:G424.21/162] | 在馆 | |
| 6 | 0582980 | 205829807 | 第四借阅区/ [索取号:G424.21/162] | 在馆 | |
| 7 | 0582981 | 205829816 | 第四借阅区/ [索取号:G424.21/162] | 在馆 |